000 00704nam a2200217 i 4500
001 bgj
245 0 0 _aMiteinander :
_bText- und Arbeitbuch für Fortgeschrittene : Deutsch als Fremdsprache.
_nBand 4 /
_cHrs. von Karl Heinz Bieler.
260 _aIsmaning :
_bMax Hueber Verlag,
_c1996.
300 _a249 S. :
_bIll. ;
_c21 cm.
490 1 _aHueber Sprachen der Welt ;
_v1329
504 _aBibliographie S. 247-248.
650 9 _aDeutsch
_xFremdsprache
_xEinführung
700 1 _aBIELER, Karl Heinz.
_eHrsg.
830 _aHueber Sprachen der Welt ;
020 _a3190013292
040 _cBPK
041 0 _ager
920 _a3-19-001329-2
942 _cKS
008 s gw f |000 0 ger
999 _c50767
_d50767
856 _uhttp://koha.tu.koszalin.pl/cgi-bin/koha/opac-detail.pl?biblionumber=50767
_yKatalog online BPK